| 000 | 00716cam a22002413a 4500 | ||
|---|---|---|---|
| 001 | 18616 | ||
| 003 | PGUSA | ||
| 005 | 20140828083409.0 | ||
| 008 | 060618s2006||||xxu|||||s|||||000 | eng d | ||
| 040 |
_aPGUSA _beng |
||
| 042 | _adc | ||
| 050 | 4 | _aR | |
| 100 | 1 |
_aCoppens, Charles, _d1835-1920 |
|
| 245 | 1 | 0 |
_aMoral Principles and Medical Practice : _bThe Basis of Medical Jurisprudence _h[electronic resource] / _cCharles Coppens |
| 260 |
_bProject Gutenberg, _c2006 |
||
| 506 | _aPublic domain in the USA. | ||
| 516 | _aElectronic text | ||
| 653 | _aMedical ethics | ||
| 653 | _aMedical jurisprudence | ||
| 830 | 0 |
_aProject Gutenberg _v18616 |
|
| 856 | 4 | 0 | _uhttp://www.gutenberg.org/ebooks/18616 |
| 942 | _cEB | ||
| 999 |
_c247871 _d247871 |
||